Concrete bridges in aggressive environments : (Record no. 549930)
[ view plain ]
| 000 -LEADER | |
|---|---|
| fixed length control field | 00699cam a2200193 a 4500 |
| 082 00 - DEWEY DECIMAL CLASSIFICATION NUMBER | |
| Classification number | 624/.257 |
| Author Mark | CON |
| -- | L-39, P-187 |
| 245 10 - TITLE STATEMENT | |
| Title | Concrete bridges in aggressive environments : |
| Remainder of title | Philip D. Cady International Symposium / |
| Statement of responsibility, etc. | Richard E. Weyers, editor. |
| 260 ## - PUBLICATION, DISTRIBUTION, ETC. | |
| Place of publication, distribution, etc. | Detroit, Mich. : |
| Name of publisher, distributor, etc. | American Concrete Institute, |
| Date of publication, distribution, etc. | c1994. |
| 300 ## - PHYSICAL DESCRIPTION | |
| Extent | viii, 296 p. : |
| Other physical details | ill. ; |
| Dimensions | 23 cm. |
| 490 1# - SERIES STATEMENT | |
| Series statement | ACI SP ; |
| 526 ## - STUDY PROGRAM INFORMATION NOTE | |
| Program name | 0 |
| Interest level | 0 |
| Reading level | 0 |
| Title point value | 624_257000000000000_CON |
| 650 #0 - SUBJECT ADDED ENTRY--TOPICAL TERM | |
| Topical term or geographic name entry element | Concrete bridges |
| 9 (RLIN) | 43016 |
| 650 #0 - SUBJECT ADDED ENTRY--TOPICAL TERM | |
| Topical term or geographic name entry element | Concrete bridges |
| General subdivision | Deterioration |
| 9 (RLIN) | 21715 |
| 650 #0 - SUBJECT ADDED ENTRY--TOPICAL TERM | |
| Topical term or geographic name entry element | MCE |
| 9 (RLIN) | 379 |
| 650 #0 - SUBJECT ADDED ENTRY--TOPICAL TERM | |
| Topical term or geographic name entry element | Reinforced concrete |
| General subdivision | Corrosion |
| 9 (RLIN) | 43003 |
| 700 1# - ADDED ENTRY--PERSONAL NAME | |
| Personal name | Cady, P. D. |
| 9 (RLIN) | 43864 |
| 700 1# - ADDED ENTRY--PERSONAL NAME | |
| Personal name | Weyers, Richard E. |
| 9 (RLIN) | 46667 |
| 942 ## - ADDED ENTRY ELEMENTS (KOHA) | |
| Source of classification or shelving scheme | |
| Koha item type | Book |
| Withdrawn status | Lost status | Source of classification or shelving scheme | Damaged status | Not for loan | Permanent Location | Current Location | Date acquired | Total Checkouts | Full call number | Barcode | Date last seen | Price effective from | Koha item type |
|---|---|---|---|---|---|---|---|---|---|---|---|---|---|
| Military College of Engineering (MCE) | Military College of Engineering (MCE) | 10/16/2014 | 624/.257 CON | MCE-43491 | 10/16/2014 | 10/16/2014 | Book |
